LEADER 01065nam--2200361---450- 001 990001905250203316 005 20050623111742.0 035 $a000190525 035 $aUSA01000190525 035 $a(ALEPH)000190525USA01 035 $a000190525 100 $a20040804d1970----km-y0itay0103----ba 101 0 $aeng 102 $aUK 105 $a||||||||001yy 200 1 $aMemory in "La Celestina"$fDorothy Sherman Severin 210 $aLondon$cTamesis books$d1970 215 $aX, 73 p.$d23 cm 225 2 $aColleccion Tamesis$hA$iMonografias$v19 410 0$12001$aColleccion Tamesis$hA$iMonografias$v19 454 1$12001 461 1$1001-------$12001 676 $a862.2 700 1$aSEVERIN,$bDorothy Sherman$0223224 801 0$aIT$bsalbc$gISBD 912 $a990001905250203316 951 $aVI.5.B. 124(II sp B Coll. 19/19)$b13116 L.M.$cII sp B Coll. 959 $aBK 969 $aUMA 979 $aSIAV1$b10$c20040804$lUSA01$h1328 979 $aCOPAT7$b90$c20050623$lUSA01$h1117 996 $aMemory in "La Celestina"$9469815 997 $aUNISA LEADER 01143nam0-2200325 --450 001 9910727695303321 005 20240124112700.0 010 $a978-88-452-7295-0 020 $aIT$b2013-106 100 $a20230623d2013----kmuy0itay5050 ba 101 $aita 102 $aIT 105 $a 001yy 200 1 $aScritti politici e filosofici di un ebreo scettico nella Venezia del Seicento$fSimone Luzzatto$gintroduzione, note e apparati di Giuseppe Veltri$gcon la collaborazione di Anna Lissa e Paola Ferruta 210 $a[Milano]$cBompiani Il pensiero occidentale$d2013 215 $aLXXXIX, 547 p.$d22 cm. 225 1 $aBompiani Il pensiero occidentale 610 0 $aFilosofia ebraica 676 $a305.8924$v20 700 1$aLuzzatto,$bSimone$0617139 702 1$aVeltri,$bGiuseppe$f<1958- > 702 1$aFerruta,$bPaola 702 1$aLissa,$bAnna 801 0$aIT$bUNINA$gREICAT$2UNIMARC 901 $aBK 912 $a9910727695303321 952 $aDFT A91.1 LUZS 01$b2023/1993$fFLFBC 959 $aFLFBC 996 $aScritti politici e filosofici di un ebreo scettico nella Venezia del Seicento$91087128 997 $aUNINA